LEADER 01453nam a2200325 i 4500 001 000000071001 003 CaOOAMICUS 005 20111221000000.0 008 111221s1999 it u000 u ita u 013 $a42173 020 $a88-15-07260-8 040 $aSeMil$bita 100 1 $aDuelffer, Jost.$0(OLS)http://semarc/name/35322 240 10$aJalta, 4. Februar 1945 : der Zweite Weltkrieg und die Entstehung der bipolaren Welt.$0(OLS)http://semarc/title/114118 245 10$aYalta, 4 febbraio 1945 :$bdalla guerra mondiale alla guerra fredda /$cJost Dülffer. 260 $aBologna :$bIl Mulino,$ccopyr. 1999. 300 $a302 p. ;$c22 cm. 490 0 $aGiorni nel 20. secolo 490 0 $aBiblioteca storica 500 $aContiene : Letture consigliate. 650 4$aEuropa - Storia - Sec. 20.$0(OLS)http://semarc/subject/574 650 4$aGuerra mondiale <1939-1945>.$0(OLS)http://semarc/subject/2761 830 0$aGiorni nel 20. secolo.$0(OLS)http://semarc/title/580 830 0$aBiblioteca storica.$0(OLS)http://semarc/title/9383 850 $aSeMil 852 $aSeMil$W1$xVenegono$y1$m3T VI 196$j37154$B37154$CSeMilBibl$Z2$F37157 $81 961 $aAcquisto: Casa editrice 996 $6020$a88-15-07260-8$9(OLS)http://semarc/number/49926 996 $6245$aYalta, 4 febbraio 1945 :$bdalla guerra mondiale alla guerra fredda$9(OLS)http://semarc/title/114117 996 $6260$aBologna :$bIl Mulino$9(OLS)http://semarc/publisher/29842 LEADER 01366nam a2200289 i 4500 001 000000090412 003 CaOOAMICUS 005 20251203074523.0 008 160127s1847 it u000 u ita u 013 $a62654 040 $aSeMil$bita 100 1 $aCaterina : da Genova .$0(OLS)http://semarc/name/40655 245 10$aVita ed opere di santa Caterina da Genova. 250 $a12. ed. e 7. genovese. 264 1$aGenova :$bTipografia del R. I. de' Sordo-muti,$c1847. 300 $aVIII, 336 p., [1] c. di tav. :$britr. ;$c23 cm. 500 $aLa vita della Santa e la trascrizione delle opere sono tradizionalmente attribuite a Cattaneo Marabotto ed Ettore Vernazza. 600 04$aCaterina : da Genova .$0(OLS)http://semarc/subject/52161 700 1 $aVernazza, Ettore.$0(OLS)http://semarc/name/40657 700 1 $aMarabotto, Cattaneo.$0(OLS)http://semarc/name/40656 850 $aSeMil 852 $aSeMil$W1$xVenegono$y1$m3H IV 95 FA$j53380$B53380$CSeMilBibl$Z2$F58013 $8I 941 1 $a10 961 $aRecupero: Mantegazza 996 $6245$aVita ed opere di santa Caterina da Genova$9(OLS)http://semarc/title/136389 996 $6264$aGenova :$bTipografia del R. I. de' Sordo-muti$9(OLS)http://semarc/publisher/43608